000
00199nam a2200097Ia 4500
008
240331s9999 xx 000 0 und d
082
_b
MAR
100
_a
Marx, A
245
0
_a
Dalit arasiyal
942
_c
L
999
_c
2394
_d
2394